00811cam a22002414a 45000010005000000030009000050050017000140080041000310200015000720400028000870820022001152450138001372600044002753000045003194900040003645040041004046500021004456500026004666500019004927000019005117000022005307000017005524754BD-DhUAP20210117142633.0210106s2001 dcua b 000 0 eng  a082134742X aDLCcDLCdBD-DhUAPbeng00a330.91732 FAC22300aFacets of Globalization :binternational and local dimensions of development /cedited by Shahid Yusuf, Simon Evenett and Weiping Wu. aWashington, D.C. :bWorld Bank,cc2001. axv, 278 pages :billustrations ;c28 cm. aWorld Bank discussion paper ;v415. aIncludes bibliographical references. 0aUrban economics. 0aEconomic development. 0aGlobalization.1 aYusuf, Shahid.1 aEvenett, Simon J.1 aWu, Weiping.